| 000 | 00832nam a22002657a 4500 | ||
|---|---|---|---|
| 001 | 8492 | ||
| 003 | FISKH | ||
| 005 | 20250915161447.0 | ||
| 008 | 250915b cb ||||| |||| 00| 0 eng d | ||
| 020 | _a9788120748682 | ||
| 040 |
_aFISKH _beng _cFISKH _dFISKH |
||
| 050 | _aPZ8.B82 P29 | ||
| 082 | _a821.8 | ||
| 100 | _aSuire, Diane | ||
| 245 |
_aThe pied piper of Hamelin / _cRetold by Diane Suire |
||
| 260 |
_aNew Delhi : _bSterling, _c2010. |
||
| 300 |
_a24 unnumbered pages : _bcolor illustrations ; _c21 cm |
||
| 505 | _aE | ||
| 520 | _aThe Pied Piper pipes the village free of rats, and when the villagers refuse to pay him for the service he exacts a terrible revenge. | ||
| 521 | 8 |
_a290
_bLexile |
|
| 521 | 8 |
_aE
_bRaz-Plus |
|
| 650 |
_aFairy Tales _vPicture Book |
||
| 942 |
_2ddc _cBK _n0 |
||
| 999 |
_c8492 _d8492 |
||